LIBRARY & INFORMATION CENTRE, KCAET, TAVANUR

ONLINE PUBLIC ACCESS CATALOGUE (OPAC)

/Fundamentals of electrical engineering and electronics (Record no. 10347)

MARC details
000 -LEADER
fixed length control field 00436cam a2200157ua 4500
003 - CONTROL NUMBER IDENTIFIER
control field OSt
008 - FIXED-LENGTH DATA ELEMENTS--GENERAL INFORMATION
fixed length control field 180831b ||||| |||| 00| 0 eng d
082 ## - DEWEY DECIMAL CLASSIFICATION NUMBER
Classification number 621.3
Item number THE/FU
100 ## - MAIN ENTRY--AUTHOR NAME
Personal name Theraja, B L.
245 ## - TITLE STATEMENT
Title /Fundamentals of electrical engineering and electronics
250 ## - EDITION STATEMENT
Edition statement 27 /
260 ## - PUBLICATION, DISTRIBUTION, ETC. (IMPRINT)
Place of publication New Delhi :
Name of publisher Nirja construction and development Co. Pvt Ltd ,
Year of publication 1992.
300 ## - PHYSICAL DESCRIPTION
Number of Pages 880 ; .
500 ## - GENERAL NOTE
General note *CSS
942 ## - ADDED ENTRY ELEMENTS (KOHA)
Koha item type Books
Holdings
Withdrawn status Lost status Damaged status Home library Current library Shelving location Date acquired Full call number Accession Number Koha item type
      KAUAET KAUAET Scheme 31/08/2018 621.3 THE/FU 17877 Books
      KAUAET KAUAET Scheme 03/09/2018 621.3 THE/FU 18300 Books
      KAUAET KAUAET Scheme 03/09/2018 621.3 THE/FU 18299 Books
      KAUAET KAUAET Scheme 05/09/2018 621.3 THE/FU 17876 Book Bank scheme for SC students
      KAUAET KAUAET General Stacks 25/09/2019 621.3 THE/FU 18301 Books
free website counter